000 00502nam a22001217a 4500
082 _a220 PRO
100 _aEHTISHAM TANVIR NAVEED AZIZ MALIK QASIM NAZIR
_971312
245 _aPR-SOF-1454-MULTI-BODY DYNAMICS BASED DESIGN AND FABRICATION OF THREE DEGREE OF FREEDOM PARALLEL ROBOTIC MANIPULATOR
260 _aISLAMABAD
_bNUST COLLEGE OF EME
_c2015
650 _aDE-MECH-33
_971313
700 _aASSISTANT PROFESSOR DR SAJID ULLAH BUTT ASSISTANT PROFESSOR RAJA AMER AZIM DR ABDUL HAQ
_971314
942 _cCR
999 _c577898
_d577898